Juarez and his Mexico
Guardado en:
| Autor principal: | |
|---|---|
| Formato: | Libro |
| Lenguaje: | Undetermined |
| Publicado: |
New York
The Viking Press
1947
|
| Etiquetas: |
Agregar Etiqueta
Sin Etiquetas, Sea el primero en etiquetar este registro!
|
| Thư viện lưu trữ: | Trung tâm Học liệu Trường Đại học Cần Thơ |
|---|
| LEADER | 00430nam a2200169Ia 4500 | ||
|---|---|---|---|
| 001 | CTU_86887 | ||
| 008 | 210402s9999 xx 000 0 und d | ||
| 082 | |a 923.172 | ||
| 082 | |b R712 | ||
| 100 | |a Roeder, Ralph | ||
| 245 | 0 | |a Juarez and his Mexico | |
| 245 | 0 | |c Ralph Roeder | |
| 260 | |a New York | ||
| 260 | |b The Viking Press | ||
| 260 | |c 1947 | ||
| 904 | |i Mai Loan | ||
| 980 | |a Trung tâm Học liệu Trường Đại học Cần Thơ | ||